| 000 | 00544nam a22001695i 4500 | ||
|---|---|---|---|
| 001 | 48180 | ||
| 003 | ES-MaACL | ||
| 007 | t| | ||
| 008 | 950706s1866 fr ||||1| fre d | ||
| 040 |
_aCAM _bspa _cCAM |
||
| 100 | 1 |
_aChasles, Philarète, _d1798-1873 _938156 |
|
| 245 | 1 | 0 |
_aEtudes contemporaines _b: voyages, philosophie et beaux-arts / _cpar M. Philarète Chasles. |
| 260 |
_aParis : _bAmyot, _c1866 ( _eCoulommiers : _fA. Moussin) |
||
| 300 |
_a[4], II, 408 p. ; _c19 cm. |
||
| 852 |
_aES-MaACL _jC-695 |
||
| 999 |
_c48180 _d48180 |
||